Największe transfery sezonu 2011/12. - Statystyki

Ogólne statystyki
  • Ten quiz został rozwiązany 81 razy
  • Średni wynik to 7 z 10
Statystyki odpowiedzi
# Piłkarz Narodowość Klub oddający Kwota transferu Klub pozyskujący % Poprawnych
10 Alexis Sánchez
26,00 mln €
92%
2 Sergio Agüero
40,00 mln €
89%
5 Manuel Neuer
30,00 mln €
86%
4 Cesc Fàbregas
34,00 mln €
81%
3 Radamel Falcao
40,00 mln €
77%
8 Samuel Eto'o
27,00 mln €
73%
1 Javier Pastore
42,00 mln €
51%
6 Fábio Coentrão
30,00 mln €
49%
9 Juan Mata
26,70 mln €
40%
7 Samir Nasri
27,50 mln €
38%
Nie znaleziono quizów pasujących do podanych kryteriów
Rozkład punktacji
Procent ludzi z każdym wynikiem
Percentyl według liczby udzielonych odpowiedzi
Twoja historia wyników
Nie rozwiązałeś tego quizu